The molecular biology of viruses

Gespeichert in:
Bibliographische Detailangaben
Hauptverfasser: Colter, John (VerfasserIn), Paranchych, William (VerfasserIn)
Format: Buch
Sprache:Englisch
Veröffentlicht: Nueva York Academic Press 1967
Schlagworte:
Tags: Tag hinzufügen
Keine Tags, Fügen Sie den ersten Tag hinzu!

MARC

LEADER 00000nam a2200000 a 4500
001 UCR5405
003 CL-VaPUC
005 20250228100419.0
008 980327e19670000us 1 eng d
082 0 4 |a 576.64  |b COL  |2 21 
100 1 |a Colter, John  |e author  |9 618842 
700 1 |a Paranchych, William  |e author  |9 618843 
245 1 4 |a The molecular biology of viruses 
260 |a Nueva York  |b Academic Press  |c 1967 
300 |a 730 p 
583 |a last modification  |c 19980327 00:00:00  |k Rodrigo Vera 
650 0 0 |a Virus  |9 316452 
650 0 0 |a Biología molecular  |9 269677 
650 0 7 |a BACTERIOFAGOS  |2 CL-VaPUC  |9 316376 
650 0 0 |a Congresos  |9 257560 
942 |c BK 
945 |a crobeson  |d 19980327 00:00:00 
546 |a En Inglés 
536 |a Faculty of Medicine of the University of Alberta 
518 |p The Molecular Biology of Viruses, 3, Alberta, 27 al 30 de junio de 1966 
999 |c 383130  |d 383128 
952 |0 0  |1 0  |4 0  |6 576_640000000000000_COL_1967  |7 0  |8 A  |9 505151  |a BIBALI  |b BIBALI  |c GEN  |d 2020-01-23  |i 1969722  |o 576.64 COL 1967  |p 1969722  |r 2025-01-20  |w 2020-01-23  |y BK  |k ALI